| 000 | 00000nam 2200000zi 4500 |
| 001 | 9.919705 |
| 003 | CaOODSP |
| 005 | 20250731083207 |
| 006 | m o d f |
| 007 | cr cn||||||||| |
| 008 | 230202t20232023oncd o f000 0 eng d |
| 020 | |a9780660473970 |
| 040 | |aCaOODSP|beng|erda|cCaOODSP |
| 043 | |an-cn--- |
| 086 | 1 |aM144-321/2023E-PDF |
| 245 | 00|a2022-2023 : |bGreen freight programs survey on the freight industry : final report / |cprepared for Natural Resources Canada. |
| 246 | 10|aGreen freight programs survey on the freight industry : |bfinal report |
| 264 | 1|a[Ottawa] : |bNatural Resources Canada = Ressources naturelles Canada, |c2023. |
| 264 | 4|c©2023 |
| 300 | |a1 online resource (35 pages) : |bgraphs + |e1 executive summary (4 pages) |
| 336 | |atext|btxt|2rdacontent |
| 337 | |acomputer|bc|2rdamedia |
| 338 | |aonline resource|bcr|2rdacarrier |
| 500 | |aCover title. |
| 500 | |a"January 2023." |
| 500 | |a"Supplier Name: Phoenix Strategic Perspectives Inc." |
| 500 | |a"Contract Number: CW2239573." |
| 500 | |a"Registration Number: POR # 042-22." |
| 500 | |aIssued also in French under title: 2022-2023 : sondage des programmes de transport de marchandises éco-énergétiques sur l'industrie du transport de marchandises : rapport final. |
| 520 | |a"The department of Natural Resources Canada (NRCan) commissioned Phoenix Strategic Perspectives (Phoenix SPI) to conduct survey research to assess Freight Transportation Medium and Heavy-duty Vehicle (MHDV) industry awareness and uptake of Zero Emission Vehicles (ZEVs) and Retrofits"--Executive summary, page 1. |
| 650 | 0|aTrucking|xEnergy consumption|xGovernment policy|zCanada|xPublic opinion. |
| 650 | 0|aTrucks|xFuel consumption|xGovernment policy|zCanada|xPublic opinion. |
| 650 | 0|aTrucks|xMotors|xExhaust gas|xGovernment policy|zCanada|xPublic opinion. |
| 650 | 0|aPublic opinion|zCanada. |
| 710 | 1 |aCanada. |bNatural Resources Canada, |eissuing body. |
| 710 | 2 |aPhoenix Strategic Perspectives Inc., |econsultant. |
| 775 | 08|t2022-2023 : |w(CaOODSP)9.919706 |
| 794 | |t2024 greening freight programs industry survey : |b2024|w(CaOODSP)9.935240 |
| 856 | 40|qPDF|s821 KB|uhttps://publications.gc.ca/collections/collection_2023/rncan-nrcan/M144-321-2023-eng.pdf|zFinal report |
| 856 | 40|qPDF|s339 KB|uhttps://publications.gc.ca/collections/collection_2023/rncan-nrcan/M144-321-2023-1-eng.pdf|zExecutive summary |